Word Power Made Easy (Record no. 4607)

MARC details
000 -LEADER
fixed length control field 00354nam a2200157Ia 4500
003 - CONTROL NUMBER IDENTIFIER
control field OSt
008 - FIXED-LENGTH DATA ELEMENTS--GENERAL INFORMATION
fixed length control field 191201s2010 xx 000 0 und d
082 ## - DEWEY DECIMAL CLASSIFICATION NUMBER
Classification number 428.1
Item number LEW
100 ## - MAIN ENTRY--PERSONAL NAME
Personal name LEWIS, Norman
245 #0 - TITLE STATEMENT
Title Word Power Made Easy
250 ## - EDITION STATEMENT
Edition statement 2nd Rep
260 ## - PUBLICATION, DISTRIBUTION, ETC. (IMPRINT)
Place of publication, distribution, etc New Delhi
Name of publisher, distributor, etc Goyal Pub
Date of publication, distribution, etc 2010
300 ## - PHYSICAL DESCRIPTION
Extent 686
650 ## - SUBJECT ADDED ENTRY--TOPICAL TERM
Topical term or geographic name as entry element B.Tech(IT)
942 ## - ADDED ENTRY ELEMENTS (KOHA)
Source of classification or shelving scheme Dewey Decimal Classification
Koha item type Text Books
Holdings
Withdrawn status Lost status Source of classification or shelving scheme Damaged status Not for loan Collection code Home library Current library Date acquired Source of acquisition Cost, normal purchase price Bill Number Total Checkouts Full call number Acc. no. / Barcode Date last seen Bill Date Koha item type Public note Date last borrowed
    Dewey Decimal Classification     GENERAL PIET C-LIBRARY PIET C-LIBRARY 29/07/2010 The book company 119.00 2170   428.1 LEW 16089 04/12/2019 19/07/2010 Text Books Language  
    Dewey Decimal Classification     GENERAL PIET C-LIBRARY PIET C-LIBRARY 29/07/2010 The book company 119.00 2170   428.1 LEW 16090 04/12/2019 19/07/2010 Text Books Language  
    Dewey Decimal Classification     GENERAL PIET C-LIBRARY PIET C-LIBRARY 29/07/2010 The book company 119.00 2170 1 428.1 LEW 16091 17/12/2025 19/07/2010 Text Books Language 08/08/2025
    Dewey Decimal Classification     GENERAL PIET C-LIBRARY PIET C-LIBRARY 29/07/2010 The book company 119.00 2170   428.1 LEW 16092 04/12/2019 19/07/2010 Text Books Language  

Design & Developed by: PIET Central Library
R70 Miles Stone Pattikalyana Samalkha Panipat 132102
mail ID :- [email protected], Phone No:- 0180-2569700 Ex.216